[Event "Havana U20"]
[Site "Havana"]
[Date "2024.08.18"]
[Round "11"]
[White "Guevara Fernandez, Livan"]
[Black "Perez Alvarado, Lorenzo Alberto"]
[Result "0-1"]
[WhiteElo "2232"]
[BlackElo "2258"]
[PlyCount "48"]
[EventDate "2024.08.13"]
[EventType "tourn"]
[EventRounds "11"]
[EventCountry "CUB"]
[SourceTitle "EXT 2025"]
[Source "ChessBase"]
[SourceDate "2024.10.14"]
[SourceVersion "1"]
[SourceVersionDate "2024.10.14"]
[SourceQuality "1"]

1. e4 c5 2. Nf3 Nc6 3. Nc3 g6 4. h4 h5 5. d4 cxd4 6. Nxd4 Bg7 7. Be3 Nf6 8. f3 0-0 9. Qd2 d5 10. Nxc6 bxc6 11. e5 Nd7 12. e6 fxe6 13. Bh6 Qc7 14. Bxg7 Qg3+ 15. Kd1 Kxg7 16. Ne2 Qe5 17. c3 c5 18. Rh3 Nf6 19. Rg3 Ne4 20. fxe4 Rxf1+ 21. Kc2 Qxe4+ 22. Kb3 Rxa1 23. Nf4 Rb8+ 24. Ka3 Qa4+ 0-1

[Event "Havana U20"]
[Site "Havana"]
[Date "2024.08.14"]
[Round "3"]
[White "Perez Alvarado, Lorenzo Alberto"]
[Black "Almaguel Mendez, Adrian Jesus"]
[Result "0-1"]
[WhiteElo "2258"]
[BlackElo "2252"]
[PlyCount "104"]
[EventDate "2024.08.13"]
[EventType "tourn"]
[EventRounds "11"]
[EventCountry "CUB"]
[SourceTitle "EXT 2025"]
[Source "ChessBase"]
[SourceDate "2024.10.14"]
[SourceVersion "1"]
[SourceVersionDate "2024.10.14"]
[SourceQuality "1"]

1. d4 Nf6 2. Nf3 g6 3. c4 Bg7 4. Nc3 0-0 5. e4 d6 6. Be2 e5 7. 0-0 Nc6 8. d5 Ne7 9. b4 Nh5 10. Re1 f5 11. a4 a5 12. bxa5 Rxa5 13. exf5 Bxf5 14. Ra3 Nf4 15. Bxf4 exf4 16. Nd4 Be5 17. Nxf5 Nxf5 18. Ne4 b6 19. Bg4 Kg7 20. Qd2 h6 21. Bd1 Qd7 22. g3 Kh7 23. gxf4 Bg7 24. Kh1 Raa8 25. Rh3 Kg8 26. Rg1 Rad8 27. f3 Ne7 28. Rh4 Rf7 29. Bc2 Rdf8 30. Nf2 Nf5 31. Rhg4 Nd4 32. Be4 g5 33. fxg5 h5 34. g6 Rxf3 35. R4g2 Qe7 36. Re1 Qh4 37. Nd3 Rf1+ 38. Rg1 R1f2 39. Nxf2 Rxf2 40. Qxf2 Qxf2 41. Bg2 Be5 42. Re4 Kg7 43. Rf1 Qc2 44. Rh4 Nf5 45. Rxh5 Ne3 46. Rg1 Nxg2 47. Rh7+ Kxg6 48. Rxg2+ Kf5 49. Rxc7 Qd1+ 50. Rg1 Qf3+ 51. Rg2 Ke4 52. Rc6 Bd4 0-1

[Event "Capablanca Memorial op 57th"]
[Site "Havana"]
[Date "2024.05.03"]
[Round "1"]
[White "Werren, Hugo"]
[Black "Perez Alvarado, Lorenzo Alberto"]
[Result "0-1"]
[WhiteElo "1726"]
[BlackElo "2174"]
[PlyCount "44"]
[EventDate "2024.05.03"]
[EventType "swiss"]
[EventRounds "10"]
[EventCountry "CUB"]
[SourceTitle "EXT 2025"]
[Source "ChessBase"]
[SourceDate "2024.10.14"]
[SourceVersion "1"]
[SourceVersionDate "2024.10.14"]
[SourceQuality "1"]

1. d4 d5 2. Bf4 Nf6 3. Nf3 e6 4. e3 Bd6 5. Ne5 0-0 6. h3 c5 7. c4 a6 8. Be2 Qc7 9. 0-0 Rd8 10. Nc3 cxd4 11. Qxd4 Nc6 12. Nxc6 bxc6 13. Bxd6 Qxd6 14. cxd5 cxd5 15. Rac1 Rb8 16. Rc2 Rb4 17. Qd3 Bb7 18. b3 d4 19. exd4 Rxd4 20. Qe3 e5 21. Rd1 Qc6 22. Bf3 Rxd1+ 0-1